Witness / (Record no. 2649)

MARC details
000 -LEADER
fixed length control field 01101cam a2200349 a 4500
001 - CONTROL NUMBER
control field 2649
003 - CONTROL NUMBER IDENTIFIER
control field FISKH
005 - DATE AND TIME OF LATEST TRANSACTION
control field 20240401133749.0
008 - FIXED-LENGTH DATA ELEMENTS--GENERAL INFORMATION
fixed length control field 001129s2001 nyua d 000 1 eng
010 ## - LIBRARY OF CONGRESS CONTROL NUMBER
LC control number 00054139
020 ## - INTERNATIONAL STANDARD BOOK NUMBER
International Standard Book Number 0439271991 (hc)
020 ## - INTERNATIONAL STANDARD BOOK NUMBER
International Standard Book Number 9780439272001
020 ## - INTERNATIONAL STANDARD BOOK NUMBER
International Standard Book Number 0439272009 (pb)
040 ## - CATALOGING SOURCE
Original cataloging agency DLC
Transcribing agency DLC
Modifying agency DLC
Language of cataloging eng
042 ## - AUTHENTICATION CODE
Authentication code lcac
050 00 - LIBRARY OF CONGRESS CALL NUMBER
Classification number PZ7.H4364
Item number Wk 2001
082 00 - DEWEY DECIMAL CLASSIFICATION NUMBER
Classification number [Fic]
Edition number 21
100 1# - MAIN ENTRY--PERSONAL NAME
Personal name Hesse, Karen.
245 10 - TITLE STATEMENT
Title Witness /
Statement of responsibility, etc. Karen Hesse.
250 ## - EDITION STATEMENT
Edition statement Printed in 2005
260 ## - PUBLICATION, DISTRIBUTION, ETC.
Place of publication, distribution, etc. New York :
Name of publisher, distributor, etc. Scholastic,
Date of publication, distribution, etc. 2001
300 ## - PHYSICAL DESCRIPTION
Extent 161 pages :
Dimensions 20 cm
505 ## - FORMATTED CONTENTS NOTE
Formatted contents note NP
520 ## - SUMMARY, ETC.
Summary, etc. A series of poems express the views of various people in a small Vermont town, including a young black girl and a young Jewish girl, during the early 1920s when the Ku Klux Klan is trying to infiltrate the town.
521 8# - TARGET AUDIENCE NOTE
Source Lexile
610 20 - SUBJECT ADDED ENTRY--CORPORATE NAME
Corporate name or jurisdiction name as entry element Ku Klux Klan (1915- )
Form subdivision Fiction.
650 #1 - SUBJECT ADDED ENTRY--TOPICAL TERM
Topical term or geographic name entry element Prejudices
Form subdivision Fiction.
650 #0 - SUBJECT ADDED ENTRY--TOPICAL TERM
Topical term or geographic name entry element Novels in verse.
651 #1 - SUBJECT ADDED ENTRY--GEOGRAPHIC NAME
Geographic name Vermont
Form subdivision Fiction.
906 ## - LOCAL DATA ELEMENT F, LDF (RLIN)
a 7
b cbc
c orignew
d 1
e ocip
f 20
g y-gencatlg
942 ## - ADDED ENTRY ELEMENTS (KOHA)
Source of classification or shelving scheme Dewey Decimal Classification
Koha item type Books
Suppress in OPAC No
Holdings
Withdrawn status Lost status Source of classification or shelving scheme Damaged status Not for loan Collection Home library Current library Shelving location Date acquired Total Checkouts Full call number Barcode Date last seen Price effective from Koha item type Copy number
    Dewey Decimal Classification     Fiction Footprints International School Library Network Toul Kork Campus Footprints International School Library Network Toul Kork Campus   01/08/2024   HES Fic PZ7.H4364 FISSE00773 01/08/2024 01/08/2024 Books  
    Dewey Decimal Classification     Fiction Footprints International School Library Network Toul Kork Campus Footprints International School Library Network Toul Kork Campus TTP Secondary Fiction Bookshelves 04/01/2024   HES PZ7.H4364 813 2024-0428 04/01/2024 04/01/2024 Books 2